[Event "Bhubaneswar op 16th"]
[Site "Bhubaneswar"]
[Date "2025.05.09"]
[Round "1"]
[White "Laxman, Rajaram"]
[Black "Neelabhro, Bandyopadhyay"]
[Result "1-0"]
[WhiteElo "2275"]
[BlackElo "1980"]
[PlyCount "67"]
[EventDate "2025.05.09"]
[EventType "swiss"]
[EventRounds "10"]
[EventCountry "IND"]
[SourceTitle "CB21_2025"]
[SourceDate "2025.05.21"]
[SourceVersion "1"]
[SourceVersionDate "2025.05.21"]
[SourceQuality "1"]

1. d4 Nf6 2. Nf3 e6 3. c4 b6 4. a3 Bb7 5. Nc3 d5 6. cxd5 Nxd5 7. Qc2 Be7 8. e4 Nxc3 9. bxc3 0-0 10. Bd3 c5 11. 0-0 Nc6 12. d5 exd5 13. exd5 Qxd5 14. Bxh7+ Kh8 15. Rd1 Qh5 16. Be4 Rad8 17. Bb2 f5 18. Rxd8 Bxd8 19. Bd5 Nd4 20. cxd4 Bxd5 21. Ne5 Be4 22. Qd1 Qxd1+ 23. Rxd1 Kh7 24. dxc5 bxc5 25. f3 Ba8 26. Kf2 Re8 27. Nf7 Bb6 28. Rd7 c4+ 29. Kg3 Bc6 30. Ng5+ Kh6 31. Rxg7 Bd5 32. h4 Re2 33. Rh7+ Kg6 34. h5+ 1-0

[Event "Pune Rapid op 12th"]
[Site "Pune"]
[Date "2024.05.23"]
[Round "2"]
[White "Neelabhro, Bandyopadhyay"]
[Black "Ghosh, Diptayan"]
[Result "0-1"]
[WhiteElo "1622"]
[BlackElo "2445"]
[PlyCount "70"]
[EventDate "2024.05.23"]
[EventType "swiss (rapid)"]
[EventRounds "9"]
[EventCountry "IND"]
[SourceTitle "CBM 220 Extra"]
[Source "ChessBase"]
[SourceDate "2024.07.31"]
[SourceVersion "1"]
[SourceVersionDate "2024.07.31"]
[SourceQuality "1"]

1. d4 Nf6 2. c4 e6 3. Nc3 Bb4 4. e3 0-0 5. Bd2 c5 6. a3 Bxc3 7. Bxc3 Ne4 8. Qc2 Nxc3 9. Qxc3 cxd4 10. Qxd4 b6 11. Nf3 Bb7 12. Be2 Nc6 13. Qd6 Qe7 14. Rd1 Rfd8 15. 0-0 Rac8 16. b4 Kf8 17. Qg3 Qf6 18. Ng5 Kg8 19. Ne4 Qe5 20. Nd6 Rc7 21. Nb5 Rcc8 22. Nd6 Rb8 23. Bf3 Qxg3 24. hxg3 Ba8 25. Rd2 Kf8 26. Rfd1 Ke7 27. Bxc6 Bxc6 28. f3 h5 29. Kf2 g5 30. Rh1 Rh8 31. Rhd1 Rbd8 32. b5 Ba8 33. Rc2 h4 34. e4 h3 35. Rh1 Kxd6 0-1